Excellence by design : tranforming workplace and work practice
Αποθηκεύτηκε σε:
| Κύριος συγγραφέας: | |
|---|---|
| Μορφή: | Βιβλίο |
| Γλώσσα: | English |
| Δημοσίευση: |
New York :
John Wiley & Sons,
c1999
|
| Θέματα: | |
| Ετικέτες: |
Προσθήκη ετικέτας
Δεν υπάρχουν, Καταχωρήστε ετικέτα πρώτοι!
|
MARC
| LEADER | 00000cam a2200000 i 4500 | ||
|---|---|---|---|
| 001 | 1/17200 | ||
| 008 | 010213s1999 eng d | ||
| 020 | |a 0-471-24647-6 | ||
| 035 | |l 10066048 | ||
| 040 | |a GR-MY-UA |b gre |e aacr | ||
| 041 | 0 | |a eng | |
| 082 | 0 | |a 658.38 | |
| 100 | 1 | |a Horgen, Turid, |d 1944- | |
| 245 | 1 | 0 | |a Excellence by design : |b tranforming workplace and work practice / |c Turid H. Horgen ... [et al.] |
| 260 | |a New York : |b John Wiley & Sons, |c c1999 | ||
| 300 | |a xvi, 304 p. | ||
| 504 | |a Includes index | ||
| 650 | 0 | 0 | |a Work environment. |
| 650 | 0 | 0 | |a Work design. |
| 852 | |a INST |b CHIOS |e 20010213 |h 658.38 EXC |p 005200016896 |q 005200016896 |t BK |y 0 | ||
| 901 | |a BIBL2-2001-1 | ||
| 909 | |a Χ |b 076286 | ||
| 970 | |a ΣΠΕΝΤΖΑ |b ΕΛΕΝΗ |z 2001/02/13 | ||